Dichos antiguos de Corea
Gespeichert in:
| Körperschaft: | |
|---|---|
| Format: | Buch |
| Sprache: | Koreanisch |
| Veröffentlicht: |
Seúl
A. Munhwasa
1988
|
| Schlagworte: | |
| Tags: |
Tag hinzufügen
Keine Tags, Fügen Sie den ersten Tag hinzu!
|
MARC
| LEADER | 00000nam a2200000 a 4500 | ||
|---|---|---|---|
| 001 | UCI2192 | ||
| 003 | CL-VaPUC | ||
| 008 | 070810e19880000KO |||||||||||||||||kor|d | ||
| 082 | 0 | 4 | |a 495.709 |b COM |2 21 |
| 110 | 2 | |a Comisión de la Investigación de las Obras Tradiciones |e author |9 523114 | |
| 245 | 1 | 0 | |a Dichos antiguos de Corea |
| 300 | |a 317 p | ||
| 942 | |c BK | ||
| 945 | |d 20070810 00:00:00 |a rbrito | ||
| 260 | |a Seúl |b A. Munhwasa |c 1988 | ||
| 650 | 7 | |a DICHOS COREANOS |2 CL-VaPUC |9 523115 | |
| 583 | |a last modification |c 20070810 00:00:00 |k Rodrigo Vera | ||
| 999 | |c 326830 |d 326828 | ||
| 952 | |0 0 |1 0 |4 0 |6 495_709000000000000_COM_1988 |7 0 |8 A |9 408980 |a BIBGIM |b BIBGIM |d 2019-11-22 |i 428321K |o 495.709 COM 1988 |p 428321K |r 2025-01-15 |w 2019-11-22 |y BK |k ORI | ||